• 首页
  • 本馆介绍
  • 公告通知
  • 最新文献
  • 馆藏检索
  • 电子资源
  • 读者导购
  • 参考咨询
  • 我的图书馆
  • 登录
  • 详细信息显示
  • 放入我的书架
  • 预约/预借图书
  • 作者相关作品
  • 分类相关作品
  • 丛书相关作品
  • 出版社相关作品

书目信息

  • 表格格式
  • 工作单格式
  • 卡片格式
题名:
爱子义方
    
 
作者: 李晓军 主编
分册:  
出版信息: 北京   北京教育出版社  2018.01
页数: 101页
开本: 24cm
丛书名:
单 册:
中图分类: G626
科图分类:
主题词: 学校教育--合作--家庭教育--小学
电子资源:
ISBN: 978-7-5522-9007-3
000 00992nam0 2200229 450
001 0108153910
005 20210308154402.0
010    @a978-7-5522-9007-3@dCNY70.00
100    @a20190226d2018 em y0chiy50 ea
101 0  @achi
102    @aCN@b110000
105    @aa z 000yy
106    @ar
200 1  @a爱子义方@Aai zi yi fang@e家校协同教育策略@f李晓军主编
210    @a北京@c北京教育出版社@d2018.01
215    @a101页@c图@d24cm
330    @a本书从五个方面切入具体分析家校协同教育。第一方面为学生年龄特点概述,梳理不同年龄阶段的孩子在身心方面的发展和变化;第二方面为养成教育核心要点,重在抓住各年级学生教育的关键问题进行阐述;第三方面为家校协同教育策略,为教师及家长提供学校与家庭共同指导学生成长的方法与策略;第四方面家庭教育故事分享,提供了来自学校6个年级的18篇真实家庭教育案例;第五方面精选了亲子互动游戏。
606 0  @a学校教育@x合作@x家庭教育@x小学
690    @aG626@v5
701  0 @a李晓军@Ali xiao jun@4主编
801  0 @aCN@bBJSZM@c20210308
905    @b1272257-8@dG626@e1330@f2
    
    爱子义方:家校协同教育策略/李晓军主编.-北京:北京教育出版社,2018.01
    101页:图;24cm
    
    
    ISBN 978-7-5522-9007-3:CNY70.00
    本书从五个方面切入具体分析家校协同教育。第一方面为学生年龄特点概述,梳理不同年龄阶段的孩子在身心方面的发展和变化;第二方面为养成教育核心要点,重在抓住各年级学生教育的关键问题进行阐述;第三方面为家校协同教育策略,为教师及家长提供学校与家庭共同指导学生成长的方法与策略;第四方面家庭教育故事分享,提供了来自学校6个年级的18篇真实家庭教育案例;第五方面精选了亲子互动游戏。
●
相关链接 在E读中查询图书 在五车中查询图书 在当当中查询图书 在豆瓣中查询图书


正题名:爱子义方     索取号:G626/1330         预约/预借

序号 登录号 条形码 馆藏地/架位号 状态 备注
1 1272257   212722570   第一样本阅览室/ [索取号:G626/1330] 在馆    
2 1272258   212722589   教育系资料室/ [索取号:G626/1330] 在馆    
唐山师范学院图书馆 欢迎您!
大连网信软件有限公司© 版权所有